| 000 | 00626nam a2200181Ia 4500 | ||
|---|---|---|---|
| 008 | 100921s9999 xx 000 0 und d | ||
| 082 |
_b29603 _a891.463 थ 97 |
||
| 100 | _aपाध्ये प्रभाकर नारायण ( भाऊ). | ||
| 245 | _aराडा. | ||
| 260 |
_bअक्षर प्रकाशन, मुंबई. _c1997 |
||
| 300 |
_a127 _bग्रंथायन,कोल्हापूर. |
||
| 365 | _b100 | ||
| 520 | _aललित-कादंबरी. | ||
| 630 | _aराडा. | ||
| 650 | _aललित-कादंबरी. | ||
| 730 | _aराडा. | ||
| 942 | _cBOOK | ||
| 999 |
_c778716 _d778713 |
||